000 00965nam a2200265Ia 4500
003 OSt
005 20221005112417.0
006 a|||||r|||| 00| 0
007 ta
008 221004b |||||||| |||| 00| 0 pan d
020 _c200
024 _a214
037 _b549, 02/12/2011, H.K. Prakashan
_cTextual
040 _aCRL
_cCRL
_bpan
041 _2pan
_apan
082 _aO153:g(Q8441), P8
100 _aਬਾਜਵਾ, ਸੁਖਵਿੰਦਰ ਕੌਰ
245 0 _aਉੱਤਰ ਆਧੁਨਿਕਤਾਵਾਦ ਅਤੇ ਗੁਰਬਾਣੀ
260 _aਚੰਡਿਗੜ
_bਲੋਕਗੀਤ ਪ੍ਰਕਾਨ ਭਾਰਤ
_c2008
300 _a155ਪੰ
_ccm.
650 _a ਪੰਜਾਬੀ ਸਾਹਿਤ
650 _aਪੰਜਾਬੀ ਸਾਹਿਤ
942 _hO153:g(Q8441), P8
_cTEXL
_2cc
999 _c1024805
_d1024805